000 00438nam a2200169Ia 4500
008 131103s9999 xx 000 0 und d
040 _aLoreto College
041 _aEnglish
082 _aF/GAL
_bLCLIB/
100 _aGalsworthy,John
245 _aOn Forsyte Change
_cJohn Galsworthy
260 _aLondon
_bWilliam Heinemann Ltd.
_c1930
300 _a292 p.
_c 18 cm.
650 _aFiction in English
850 _aLCLIB
942 _cBK
999 _c14163
_d64642